000 00976nam a2200277 a 4500
005 20200104041518.0
008 140225b1996 sw ||||gr|||| 00| 0 eng d
040 _aCO-BoIAVH
_cCO-BoIAVH
041 _aeng
082 4 _a333.9516079
_bB61b
111 2 _aBiodiversity and sustainable agriculture
_cEkenas, Sweden
_d1996
245 2 _aBiodiversity and sustainable agriculture
_bdiscussion paper No. 3
260 _aEstockholmo
_bSwedish Scientific Counsil on Biological Diversity
_c1996
300 _a48 paginas.:
_c29 x 21 cm
650 4 _aAgricultura sostenible
650 6 _aBiodiversidad
650 4 _aUso del suelo
650 4 _aConservación de biodiversidad
650 4 _aEspecies nativas
650 4 _aAgroecosistemas
650 4 _aEspecies domesticadas
700 1 _aDock Gustavsson, Ann Marie
700 1 _aHedlund, Linda
700 1 _aAlmered Olsson, Gunilla
942 _cLIBRO
_2ddc
999 _c1075
_d1075